000 00844nam a22002537a 4500
003 DO-SdBPM
005 20250523084434.0
008 161205b2010 p a 00| 0 spa d
020 _a9786034026339
040 _aDO-SdBPM
_bspa
_cBPMSU
_erda
082 4 _a808.83
_bM618pr 2010
_222
245 1 0 _aMi primer cuento :
_bEl príncipe Rana/
_cadaptación Miguel Ángel Carhuatocto
260 _aLima, Perú :
_bEditorial Didáctica,
_c2010
300 _a[14] p. :
_bil.,;
_c29 cm.
490 0 _aMi primer cuento
_v
500 _3Promoviendo los valores para la niñez
590 _aInventariado, 2025/VM
650 4 _aCuentos infantiles
650 4 _aComprensión de lectura.
650 4 _aLibros ilustrados para niños
700 1 _aCarhuatocto, Miguel Ángel
_eadaptación
910 _aVMateo V. Control de calidad. BPMSU
942 _2ddc
_cBK
999 _c15088
_d15088